000 00743nam a2200289Ia 4500
005 20260324121437.0
008 008 260324s9999 xx 000 0 eng d
020 _a9781315850771
037 _aEBOOK
040 _aCRL
040 _beng
040 _cCRL
041 _2eng
041 _aeng
084 _qCRL
100 _aEmmanuel Mourlon-Druol; Federico Romero
_91162541
245 0 _aInternational Summitry and Global Governance
245 4 _bThe rise of the G7 and the European Council, 1974-1991
260 _bTaylor and Francis
260 _c2014
365 _a
365 _b240
856 _uhttp://www.taylorfrancis.com/books/9781315850771
942 _cEBOOK
999 _c1754633
_d1754633